[Event "IV Festival Internacional DUCHAMP in RIO Master - 7 a 14 dezembro - 15.000 USD"]
[Site "Hotel South American, Copacabana , Rio de Janeiro, RJ"]
[Date "2022.12.10"]
[Round "4"]
[Board "1"]
[White "Menna Barreto, Felipe Kubiaki"]
[Black "Fier, Alexandr"]
[Result "0-1"]
[WhiteElo "2322"]
[BlackElo "2600"]
[PlyCount "90"]
[EventDate "2022.12.07"]
[EventRounds "9"]
[EventCountry "BRA"]

1. d4 d5 2. Nf3 Nf6 3. c4 e6 4. e3 c6 5. Nbd2 Nbd7 6. Bd3 dxc4 7. Nxc4 c5 8. O-O
cxd4 9. exd4 Be7 10. Nce5 O-O 11. Qe2 Nb6 12. Bg5 Nbd5 13. Rad1 Bd7 14. Nxd7 Qxd7
15. Ne5 Qd6 16. Bb1 Rac8 17. Rd3 Qa6 18. Qd1 g6 19. h4 Rc7 20. Rg3 Rfc8 21. h5 Bf8
22. hxg6 hxg6 23. Qf3 Bg7 24. Nxf7 Kxf7 25. Bxg6+ Kf8 26. Re1 Qb6 27. Re4 Qxb2 28.
Rxe6 Qxd4 29. Be4 Rc3 30. Qf5 Ne7 31. Rxc3 Rxc3 32. Qf4 Rc6 33. Bxc6 Qxf4 34. Bxf4
Nxc6 35. Re1 Nd5 36. Bd6+ Kf7 37. g4 Nc3 38. a3 Nb5 39. Bb4 b6 40. Re3 a5 41. Bd2
a4 42. Bc1 Ne5 43. Bb2 Nc4 44. Rf3+ Kg6 45. Bc1 Nd4  0-1

[Event "IV Festival Internacional DUCHAMP in RIO Master - 7 a 14 dezembro - 15.000 USD"]
[Site "Hotel South American, Copacabana , Rio de Janeiro, RJ"]
[Date "2022.12.10"]
[Round "4"]
[Board "2"]
[White "Galego, Luis"]
[Black "Guimaraes, Diogo Duarte"]
[Result "1/2-1/2"]
[WhiteElo "2471"]
[BlackElo "2290"]
[PlyCount "32"]
[EventDate "2022.12.07"]
[EventRounds "9"]
[EventCountry "BRA"]

1. d4 d5 2. Nf3 Nf6 3. c4 c6 4. e3 e6 5. Nc3 Nbd7 6. a3 Bd6 7. Qc2 O-O 8. Bd2 Qe7
9. cxd5 exd5 10. g3 Re8 11. Nh4 g6 12. Bg2 Ne4 13. O-O Ndf6 14. Rae1 g5 15. Nf3 Bf5
16. Qd1 Qe6  1/2-1/2

[Event "IV Festival Internacional DUCHAMP in RIO Master - 7 a 14 dezembro - 15.000 USD"]
[Site "Hotel South American, Copacabana , Rio de Janeiro, RJ"]
[Date "2022.12.10"]
[Round "4"]
[Board "3"]
[White "Limp, Eduardo Thelio"]
[Black "Lima, Darcy"]
[Result "1/2-1/2"]
[WhiteElo "2290"]
[BlackElo "2424"]
[PlyCount "39"]
[EventDate "2022.12.07"]
[EventRounds "9"]
[EventCountry "BRA"]

1. d4 Nf6 2. c4 e6 3. Nf3 d5 4. Nc3 Nbd7 5. Bg5 Bb4 6. e3 c5 7. Bxf6 Qxf6 8. Rc1
cxd4 9. exd4 O-O 10. cxd5 Nb6 11. Bd3 Nxd5 12. O-O Nxc3 13. bxc3 Bd6 14. Qe2 Rd8
15. Ne5 Bd7 16. f4 g6 17. Be4 Rab8 18. Rb1 b6 19. Qa6 Be8 20. Qxa7  1/2-1/2

[Event "IV Festival Internacional DUCHAMP in RIO Master - 7 a 14 dezembro - 15.000 USD"]
[Site "Hotel South American, Copacabana , Rio de Janeiro, RJ"]
[Date "2022.12.10"]
[Round "4"]
[Board "4"]
[White "Romanishin, Oleg M"]
[Black "Tomiello, Lucas Costamilan"]
[Result "1/2-1/2"]
[WhiteElo "2412"]
[BlackElo "2209"]
[PlyCount "43"]
[EventDate "2022.12.07"]
[EventRounds "9"]
[EventCountry "BRA"]

1. Nf3 d5 2. g3 c5 3. Bg2 Nf6 4. O-O e6 5. d4 cxd4 6. Nxd4 e5 7. Nb3 Be6 8. c4 Nc6
9. cxd5 Bxd5 10. Nc3 Bxg2 11. Kxg2 Qxd1 12. Rxd1 Bb4 13. Kf3 Ke7 14. e4 Rhd8 15.
Nd5+ Nxd5 16. exd5 Na5 17. Nxa5 Bxa5 18. Be3 Bb6 19. Rac1 Rac8 20. Ke4 f6 21. g4
Kd6 22. b3  1/2-1/2

[Event "IV Festival Internacional DUCHAMP in RIO Master - 7 a 14 dezembro - 15.000 USD"]
[Site "Hotel South American, Copacabana , Rio de Janeiro, RJ"]
[Date "2022.12.10"]
[Round "4"]
[Board "5"]
[White "Moura, Eduardo Eugenio Chaves"]
[Black "Lujan, Carolina"]
[Result "1/2-1/2"]
[WhiteElo "2098"]
[BlackElo "2323"]
[PlyCount "30"]
[EventDate "2022.12.07"]
[EventRounds "9"]
[EventCountry "BRA"]

1. e4 c5 2. c3 d5 3. exd5 Nf6 4. Nf3 Nxd5 5. d4 e6 6. a3 cxd4 7. cxd4 Nc6 8. Bd3
Be7 9. O-O O-O 10. Nc3 Nf6 11. Bg5 g6 12. Bc4 b6 13. Re1 Bb7 14. Bh6 Re8 15. d5 exd5
 1/2-1/2

[Event "IV Festival Internacional DUCHAMP in RIO Master - 7 a 14 dezembro - 15.000 USD"]
[Site "Hotel South American, Copacabana , Rio de Janeiro, RJ"]
[Date "2022.12.10"]
[Round "4"]
[Board "6"]
[White "Cezar Junior, William Carlos"]
[Black "Diamant, Andre"]
[Result "0-1"]
[WhiteElo "2023"]
[BlackElo "2524"]
[PlyCount "68"]
[EventDate "2022.12.07"]
[EventRounds "9"]
[EventCountry "BRA"]

1. c4 g6 2. g3 Bg7 3. Bg2 c5 4. Nc3 Nc6 5. Nf3 d6 6. O-O e6 7. e4 Nge7 8. d3 O-O
9. Be3 Nd4 10. Qd2 Nec6 11. Bxd4 cxd4 12. Ne2 e5 13. b4 f5 14. exf5 gxf5 15. b5 Nb8
16. Ng5 Qf6 17. f4 Kh8 18. Rae1 Nd7 19. Nc1 a6 20. Nb3 Bh6 21. h4 Bg7 22. Qe2 axb5
23. cxb5 h6 24. Qh5 Nb6 25. fxe5 dxe5 26. Nc5 Kg8 27. Nh3 Rxa2 28. Ra1 Rxg2+ 29.
Kxg2 Nd5 30. Kh2 Ne3 31. Rfe1 b6 32. Nb3 f4 33. Rxe3 dxe3 34. gxf4 Bxh3  0-1

[Event "IV Festival Internacional DUCHAMP in RIO Master - 7 a 14 dezembro - 15.000 USD"]
[Site "Hotel South American, Copacabana , Rio de Janeiro, RJ"]
[Date "2022.12.10"]
[Round "4"]
[Board "7"]
[White "De Albuquerque, Ian Telek C."]
[Black "Alonso, Salvador"]
[Result "0-1"]
[WhiteElo "1986"]
[BlackElo "2471"]
[PlyCount "88"]
[EventDate "2022.12.07"]
[EventRounds "9"]
[EventCountry "BRA"]

1. e4 c5 2. Nf3 Nc6 3. Nc3 g6 4. d4 cxd4 5. Nxd4 Bg7 6. Be3 Nf6 7. Bc4 O-O 8. O-O
Nxe4 9. Nxe4 d5 10. Nxc6 bxc6 11. Bd3 dxe4 12. Bxe4 Qa5 13. c3 Rb8 14. Qc2 Qc7 15.
Rfd1 Be6 16. b3 Rfd8 17. h3 c5 18. f4 f5 19. Bf3 Qa5 20. Rxd8+ Rxd8 21. Rc1 Kf7 22.
Qf2 c4 23. bxc4 Bxc4 24. Bxa7 Qa3 25. Rc2 Bd3 26. Bc5 Qa6 27. Rc1 Be4 28. Bxe4 fxe4
29. f5 g5 30. Be3 Bf6 31. c4 Qa3 32. Rc2 Rd3 33. Re2 Qc3 34. Rc2 Rd1+ 35. Kh2 Qa1
36. g3 h5 37. c5 h4 38. Qe2 Kg7 39. Rd2 Re1 40. Qc4 Rxe3 41. c6 Qe5 42. Rg2 hxg3+
43. Kh1 Qa1+ 44. Rg1 Qb2  0-1

[Event "IV Festival Internacional DUCHAMP in RIO Master - 7 a 14 dezembro - 15.000 USD"]
[Site "Hotel South American, Copacabana , Rio de Janeiro, RJ"]
[Date "2022.12.10"]
[Round "4"]
[Board "8"]
[White "Frankental, David"]
[Black "Labussiere, Yago"]
[Result "0-1"]
[WhiteElo "1947"]
[BlackElo "2229"]
[PlyCount "102"]
[EventDate "2022.12.07"]
[EventRounds "9"]
[EventCountry "BRA"]

1. Nf3 Nf6 2. d4 d5 3. c4 dxc4 4. Qa4+ Nbd7 5. Nc3 c6 6. Qxc4 e6 7. e4 Be7 8. Be2
O-O 9. O-O Qc7 10. Bg5 e5 11. dxe5 Nxe5 12. Nxe5 Qxe5 13. f4 Qc5+ 14. Kh1 Qxc4 15.
Bxc4 Re8 16. e5 Ng4 17. Bxe7 Rxe7 18. Rfe1 Be6 19. Bxe6 Rxe6 20. Kg1 h5 21. Rad1
Re7 22. Ne4 Nh6 23. Nd6 g6 24. Ne4 Kg7 25. Rd3 Ng8 26. Red1 Rae8 27. Nd6 Rb8 28.
Ne4 Rc8 29. Nd6 Rcc7 30. Ne4 f6 31. exf6+ Nxf6 32. Nxf6 Kxf6 33. Kf2 c5 34. Rd6+
Re6 35. g3 c4 36. Rxe6+ Kxe6 37. Ke3 c3 38. bxc3 Rxc3+ 39. Rd3 Rxd3+ 40. Kxd3 Kf5
41. Kd4 h4 42. Kd5 hxg3 43. hxg3 Kg4 44. Ke5 a5 45. a4 Kxg3 46. f5 gxf5 47. Kxf5
Kf3 48. Ke5 Ke3 49. Kd5 Kd3 50. Kc5 Kc3 51. Kb5 b6  0-1

[Event "IV Festival Internacional DUCHAMP in RIO Master - 7 a 14 dezembro - 15.000 USD"]
[Site "Hotel South American, Copacabana , Rio de Janeiro, RJ"]
[Date "2022.12.10"]
[Round "4"]
[Board "10"]
[White "El Debs, Felipe De Cresce"]
[Black "De Resende, Kalyndi Carvalho"]
[Result "1-0"]
[WhiteElo "2545"]
[BlackElo "1926"]
[PlyCount "85"]
[EventDate "2022.12.07"]
[EventRounds "9"]
[EventCountry "BRA"]

1. d4 Nf6 2. c4 e6 3. g3 d5 4. Nf3 Nbd7 5. Bg2 Be7 6. O-O O-O 7. Qc2 Re8 8. Rd1 c6
9. Nbd2 Nf8 10. e4 Bb4 11. e5 Bxd2 12. Bxd2 Ne4 13. Be3 f6 14. Ne1 fxe5 15. Bxe4
dxe4 16. dxe5 Qc7 17. Qxe4 Rd8 18. Bc5 Bd7 19. Bd6 Qc8 20. Nd3 Be8 21. Bxf8 Bg6 22.
Qe2 Bxd3 23. Rxd3 Rxd3 24. Qxd3 Qxf8 25. Rd1 Re8 26. Kg2 h6 27. Qg6 Qf7 28. Qxf7+
Kxf7 29. Rd7+ Re7 30. Rxe7+ Kxe7 31. f4 c5 32. Kf3 Kf7 33. Ke4 h5 34. h3 Kg6 35.
g4 hxg4 36. hxg4 Kf7 37. f5 Ke7 38. Kf4 a6 39. Kg5 Kf7 40. a4 a5 41. Kh5 b6 42. Kg5
Ke7 43. Kg6  1-0

[Event "IV Festival Internacional DUCHAMP in RIO Master - 7 a 14 dezembro - 15.000 USD"]
[Site "Hotel South American, Copacabana , Rio de Janeiro, RJ"]
[Date "2022.12.10"]
[Round "4"]
[Board "11"]
[White "Lage, Pedro Ferreira"]
[Black "Roselli Mailhe, Bernardo"]
[Result "0-1"]
[WhiteElo "2078"]
[BlackElo "2390"]
[PlyCount "104"]
[EventDate "2022.12.07"]
[EventRounds "9"]
[EventCountry "BRA"]

1. Nf3 Nf6 2. c4 g6 3. Nc3 Bg7 4. e4 d6 5. d4 O-O 6. Be2 e5 7. O-O Nbd7 8. Be3 c6
9. Qc2 Qe7 10. Rad1 exd4 11. Nxd4 a6 12. Rfe1 Re8 13. f3 c5 14. Nb3 Ne5 15. Qd2 Bf8
16. Bg5 Ned7 17. Nd5 Qd8 18. Nxc5 Bg7 19. Nxd7 Bxd7 20. Nxf6+ Bxf6 21. Bxf6 Qxf6
22. Qxd6 Be6 23. Qd4 Qg5 24. b4 a5 25. b5 Rac8 26. g3 Qe7 27. f4 Qa3 28. Bf1 Qxa2
29. Ra1 Qb3 30. Rxa5 Bxc4 31. Raa1 Bxf1 32. Rxf1 Qxb5 33. Rab1 Qc6 34. Rfe1 Rcd8
35. Qb4 Rd7 36. Qb5 Rxe4 37. Qxc6 Rxe1+ 38. Rxe1 bxc6 39. Re8+ Kg7 40. Rc8 Rd6 41.
Kf2 h5 42. Ke3 f5 43. Rc7+ Kf6 44. h3 Ke6 45. Rc8 Kd7 46. Ra8 c5 47. Ra5 Kc6 48.
Ra6+ Kd5 49. Ra4 Rb6 50. Ra3 Kc4 51. Kd2 Rb2+ 52. Kc1 Rb3  0-1

[Event "IV Festival Internacional DUCHAMP in RIO Master - 7 a 14 dezembro - 15.000 USD"]
[Site "Hotel South American, Copacabana , Rio de Janeiro, RJ"]
[Date "2022.12.10"]
[Round "4"]
[Board "12"]
[White "Dos Santos Junior, Haroldo Cunha"]
[Black "Rodi, Luis Ernesto"]
[Result "0-1"]
[WhiteElo "2072"]
[BlackElo "2303"]
[PlyCount "90"]
[EventDate "2022.12.07"]
[EventRounds "9"]
[EventCountry "BRA"]

1. d4 d5 2. Nf3 Nf6 3. Bf4 e6 4. e3 c5 5. c3 Nc6 6. Nbd2 cxd4 7. exd4 Nh5 8. Bg5
f6 9. Bh4 Bd6 10. Bg3 Nf4 11. Nb3 O-O 12. Qd2 Ng6 13. Bd3 Bxg3 14. hxg3 e5 15. dxe5
fxe5 16. Ng5 e4 17. Nxh7 exd3 18. Nxf8 Qe7+ 19. Kf1 Nxf8 20. Re1 Qf7 21. Qxd3 Bf5
22. Qe3 Ng6 23. Nd4 Nce5 24. Rh5 Ng4 25. Qf3 Bd3+ 26. Kg1 Nf6 27. Rg5 Be4 28. Qd1
Nh7 29. Rh5 Nf6 30. Rh3 Nf8 31. g4 Bg6 32. Rhe3 Re8 33. f3 Qc7 34. Rxe8 Nxe8 35.
Qa4 Nf6 36. Qxa7 Qg3 37. Re7 Be4 38. Nf5 Bxf5 39. gxf5 Ne4 40. Qe3 Ng5 41. Kf1 Qh4
42. Qd4 Qh1+ 43. Kf2 Ne4+ 44. fxe4 Qh4+ 45. g3 Qxe7  0-1

[Event "IV Festival Internacional DUCHAMP in RIO Master - 7 a 14 dezembro - 15.000 USD"]
[Site "Hotel South American, Copacabana , Rio de Janeiro, RJ"]
[Date "2022.12.10"]
[Round "4"]
[Board "13"]
[White "Gauche, Charles"]
[Black "Tamarozi, Isabelle"]
[Result "1-0"]
[WhiteElo "2221"]
[BlackElo "2005"]
[PlyCount "95"]
[EventDate "2022.12.07"]
[EventRounds "9"]
[EventCountry "BRA"]

1. Nf3 g6 2. e4 c5 3. Nc3 Bg7 4. g3 Nc6 5. Bg2 d6 6. d3 e5 7. O-O Nge7 8. Be3 O-O
9. Qd2 f5 10. Ne2 Nd4 11. Nfxd4 cxd4 12. Bg5 f4 13. gxf4 h6 14. Bxe7 Qxe7 15. fxe5
dxe5 16. c3 Qh4 17. cxd4 exd4 18. f4 Bg4 19. Qe1 Qh5 20. Ng3 Qb5 21. Qd2 Qd7 22.
Rae1 h5 23. e5 h4 24. Ne4 h3 25. Bh1 Rae8 26. Nd6 Re7 27. Bd5+ Kh8 28. Qf2 Bxe5 29.
Rxe5 Rxe5 30. Qxd4 Qxd6 31. Qxe5+ Rf6 32. Rc1 Bf5 33. d4 Bd7 34. Rc7 Bb5 35. Rc8+
Kh7 36. Rc7+ Kh8 37. Rf7 Qxe5 38. fxe5 Rxf7 39. Bxf7 Kg7 40. Be6 a5 41. Kf2 Kf8 42.
Bxh3 Bc4 43. a3 Ke7 44. Bg2 b6 45. d5 Bd3 46. Ke3 Bf5 47. Kd4 Kd7 48. Be4  1-0

[Event "IV Festival Internacional DUCHAMP in RIO Master - 7 a 14 dezembro - 15.000 USD"]
[Site "Hotel South American, Copacabana , Rio de Janeiro, RJ"]
[Date "2022.12.10"]
[Round "4"]
[Board "14"]
[White "Campos, Alexandre Ferreira"]
[Black "Silva, Kaua Marques"]
[Result "0-1"]
[WhiteElo "2034"]
[BlackElo "2199"]
[PlyCount "90"]
[EventDate "2022.12.07"]
[EventRounds "9"]
[EventCountry "BRA"]

1. e4 c5 2. Nf3 e6 3. d4 cxd4 4. Nxd4 Nf6 5. Nc3 Nc6 6. Ndb5 d6 7. Bf4 e5 8. Bg5
a6 9. Na3 b5 10. Nd5 Be7 11. Bxf6 Bxf6 12. c3 O-O 13. Nc2 Bg5 14. a4 Bh6 15. g4 Bf4
16. Qf3 Be6 17. Nxf4 Qf6 18. g5 Qxf4 19. Qxf4 exf4 20. h4 bxa4 21. O-O-O Rfd8 22.
Nd4 Ne5 23. Bh3 Bc4 24. Bf1 a3 25. b3 Be6 26. Bh3 Rdc8 27. Nxe6 Rxc3+ 28. Kb1 Rxb3+
29. Ka1 Rf3 30. Nc7 Rb8 31. Rxd6 Nc4 32. Rxa6 Rxf2 33. Ra8 Rxa8 34. Nxa8 g6 35. Nc7
Kf8 36. Nd5 f3 37. Rc1 Nd2 38. Rc8+ Kg7 39. Ka2 Nxe4+ 40. Kxa3 Rh2 41. Ne7 f5 42.
Bf1 Rxh4 43. Rc7 Kf8 44. Bc4 Nxg5 45. Kb3 f2  0-1

[Event "IV Festival Internacional DUCHAMP in RIO Master - 7 a 14 dezembro - 15.000 USD"]
[Site "Hotel South American, Copacabana , Rio de Janeiro, RJ"]
[Date "2022.12.10"]
[Round "4"]
[Board "15"]
[White "Brizzi, Milagros Tatiana"]
[Black "Viana, Dirceu"]
[Result "1/2-1/2"]
[WhiteElo "2028"]
[BlackElo "2199"]
[PlyCount "43"]
[EventDate "2022.12.07"]
[EventRounds "9"]
[EventCountry "BRA"]

1. Nf3 d6 2. g3 e5 3. d3 g6 4. e4 Bg7 5. Bg2 Nc6 6. O-O Nge7 7. c3 O-O 8. b4 h6 9.
b5 Nb8 10. a4 a6 11. Ba3 Be6 12. Nbd2 Qd7 13. Qb1 axb5 14. axb5 b6 15. c4 Qc8 16.
d4 exd4 17. Bb2 Rxa1 18. Qxa1 c5 19. bxc6 Nbxc6 20. Nxd4 Nxd4 21. Bxd4 Bxd4 22. Qxd4
 1/2-1/2

[Event "IV Festival Internacional DUCHAMP in RIO Master - 7 a 14 dezembro - 15.000 USD"]
[Site "Hotel South American, Copacabana , Rio de Janeiro, RJ"]
[Date "2022.12.10"]
[Round "4"]
[Board "16"]
[White "Rothebarth, Ana Vitoria De Paula"]
[Black "Piasetski, Leon"]
[Result "0-1"]
[WhiteElo "1987"]
[BlackElo "2198"]
[PlyCount "46"]
[EventDate "2022.12.07"]
[EventRounds "9"]
[EventCountry "BRA"]

1. e4 g6 2. d4 d6 3. Nc3 Bg7 4. Be3 a6 5. Qd2 b5 6. a4 b4 7. Nd1 a5 8. c3 bxc3 9.
bxc3 c6 10. Bd3 Nd7 11. Nf3 d5 12. c4 Ba6 13. Nc3 dxe4 14. Bxe4 Rc8 15. Bd3 c5 16.
Qe2 cxd4 17. Bxd4 Bxd4 18. Nxd4 Nc5 19. Qe3 Nxd3+ 20. Qxd3 e5 21. Ncb5 exd4 22. O-O
Ne7 23. Rfe1 O-O  0-1

[Event "IV Festival Internacional DUCHAMP in RIO Master - 7 a 14 dezembro - 15.000 USD"]
[Site "Hotel South American, Copacabana , Rio de Janeiro, RJ"]
[Date "2022.12.10"]
[Round "4"]
[Board "17"]
[White "Cordero, Daniela"]
[Black "Aranha Filho, Alvaro Z."]
[Result "1-0"]
[WhiteElo "1967"]
[BlackElo "2196"]
[PlyCount "77"]
[EventDate "2022.12.07"]
[EventRounds "9"]
[EventCountry "BRA"]

1. d4 d5 2. Nf3 Nf6 3. c4 c6 4. Qc2 g6 5. Bf4 Bg7 6. e3 O-O 7. Bd3 c5 8. O-O Nc6
9. a3 cxd4 10. Nxd4 Nxd4 11. exd4 dxc4 12. Qxc4 Be6 13. Qa4 Qb6 14. Nc3 Qxb2 15.
Nb5 a6 16. Nc7 Nd5 17. Nxa8 Nxf4 18. Rab1 Qc3 19. Be4 Rxa8 20. Bxb7 Rf8 21. d5 Nxd5
22. Rfc1 Qf6 23. Qxa6 Nf4 24. Bf3 Qg5 25. Rd1 Bf5 26. Rb5 e5 27. Rc5 h5 28. Qc4 Kh7
29. a4 Be6 30. Qb5 Bg4 31. Qb3 Ne6 32. Rcd5 Nf4 33. Rb5 f5 34. Rd7 e4 35. Rbb7 Rg8
36. Bxg4 Qxg4 37. g3 Kh6 38. Qxg8 Bf6 39. Rh7+  1-0

[Event "IV Festival Internacional DUCHAMP in RIO Master - 7 a 14 dezembro - 15.000 USD"]
[Site "Hotel South American, Copacabana , Rio de Janeiro, RJ"]
[Date "2022.12.10"]
[Round "4"]
[Board "18"]
[White "Fonseca, Luis Ernesto Serra Azul"]
[Black "Fernandez, Maria Florencia"]
[Result "1/2-1/2"]
[WhiteElo "1953"]
[BlackElo "2196"]
[PlyCount "43"]
[EventDate "2022.12.07"]
[EventRounds "9"]
[EventCountry "BRA"]

1. e4 d6 2. d4 Nf6 3. Nc3 g6 4. Nf3 Bg7 5. Be2 O-O 6. O-O Nc6 7. h3 e5 8. dxe5 Nxe5
9. Nxe5 dxe5 10. Be3 c6 11. Qxd8 Rxd8 12. Rfd1 Re8 13. Rd6 Be6 14. a3 Nd7 15. Bg4
Nf8 16. Rad1 h5 17. Be2 Bf6 18. Bh6 Be7 19. Bxf8 Bxf8 20. Rxe6 Rxe6 21. Bc4 Ree8
22. Rd7  1/2-1/2

[Event "IV Festival Internacional DUCHAMP in RIO Master - 7 a 14 dezembro - 15.000 USD"]
[Site "Hotel South American, Copacabana , Rio de Janeiro, RJ"]
[Date "2022.12.10"]
[Round "4"]
[Board "19"]
[White "Librelato, Kathie Goulart"]
[Black "Bezerra, Natacio Goncalves"]
[Result "1-0"]
[WhiteElo "2194"]
[BlackElo "1988"]
[PlyCount "75"]
[EventDate "2022.12.07"]
[EventRounds "9"]
[EventCountry "BRA"]

1. e4 c6 2. Nc3 d5 3. Nf3 Bg4 4. h3 Bxf3 5. Qxf3 Nf6 6. Be2 e6 7. O-O Nbd7 8. d4
dxe4 9. Nxe4 Nxe4 10. Qxe4 Nf6 11. Qd3 Be7 12. Rd1 O-O 13. c3 a5 14. Rb1 Qc7 15.
Qf3 Rad8 16. Bf4 Qd7 17. c4 Qc8 18. a3 Rd7 19. b4 axb4 20. axb4 Rfd8 21. Be5 Ne8
22. Qg4 Bf6 23. f4 Bxe5 24. fxe5 g6 25. Qe4 Qc7 26. b5 cxb5 27. Rxb5 Qb8 28. Bf3
Qc8 29. d5 Rc7 30. d6 Rxc4 31. Qxb7 Rc1 32. Qxc8 Rdxc8 33. Rxc1 Rxc1+ 34. Kf2 Rc8
35. Ra5 Kg7 36. Ra8 Nxd6 37. exd6 Rc2+ 38. Ke3  1-0

[Event "IV Festival Internacional DUCHAMP in RIO Master - 7 a 14 dezembro - 15.000 USD"]
[Site "Hotel South American, Copacabana , Rio de Janeiro, RJ"]
[Date "2022.12.10"]
[Round "4"]
[Board "20"]
[White "Rocha, Vitor Firmo De Souza"]
[Black "Okamura, Milton Kasuo"]
[Result "1/2-1/2"]
[WhiteElo "2192"]
[BlackElo "1964"]
[PlyCount "71"]
[EventDate "2022.12.07"]
[EventRounds "9"]
[EventCountry "BRA"]

1. e4 c5 2. Nf3 e6 3. d4 cxd4 4. Nxd4 Nc6 5. Nb5 d6 6. c4 Nf6 7. N1c3 a6 8. Na3 Be7
9. Be2 O-O 10. O-O b6 11. Be3 Bb7 12. Qb3 Nd7 13. Rfd1 Qc7 14. Rac1 Nce5 15. f4 Ng6
16. Qc2 Rac8 17. Qd2 Rfd8 18. g3 Qb8 19. Bf3 Bc6 20. Nc2 Ba8 21. Qe2 Rc7 22. a4 Bf8
23. Nd4 Ne7 24. b3 Nc6 25. Nxc6 Bxc6 26. Kg2 Rcc8 27. b4 Bb7 28. Rc2 Qc7 29. Nb1
d5 30. exd5 exd5 31. Rdc1 dxc4 32. Rxc4 Bxf3+ 33. Kxf3 Qb7+ 34. Kf2 Nf6 35. Nd2 Rxc4
36. Rxc4  1/2-1/2

[Event "IV Festival Internacional DUCHAMP in RIO Master - 7 a 14 dezembro - 15.000 USD"]
[Site "Hotel South American, Copacabana , Rio de Janeiro, RJ"]
[Date "2022.12.10"]
[Round "4"]
[Board "21"]
[White "Nejanky, Maisa"]
[Black "Federzoni, Enzo"]
[Result "1-0"]
[WhiteElo "1929"]
[BlackElo "2177"]
[PlyCount "83"]
[EventDate "2022.12.07"]
[EventRounds "9"]
[EventCountry "BRA"]

1. e4 c5 2. Nc3 d6 3. Nf3 a6 4. d4 cxd4 5. Nxd4 Nf6 6. h3 e6 7. g4 h6 8. Bg2 Be7
9. Be3 Nc6 10. Qe2 Nxd4 11. Bxd4 e5 12. Be3 b5 13. Nd5 Nxd5 14. exd5 O-O 15. Be4
Bg5 16. O-O-O f5 17. gxf5 Bxf5 18. Bxf5 Rxf5 19. Kb1 Qf6 20. Qd3 Rc8 21. Rhg1 Rc4
22. Rg4 Rxg4 23. hxg4 Rf3 24. a4 bxa4 25. Qxa6 Bxe3 26. fxe3 Rxe3 27. Qxa4 Rf3 28.
Qe8+ Kh7 29. Qe6 Rf4 30. b3 Qd8 31. g5 hxg5 32. Rh1+ Rh4 33. Qf5+ Kh8 34. Rg1 g4
35. Rxg4 Rh1+ 36. Kb2 Qa8 37. Ra4 Qxd5 38. Rc4 g6 39. Qxg6 Qb7 40. Qf6+ Kh7 41. Qxd6
Kh8 42. Qd8+  1-0

[Event "IV Festival Internacional DUCHAMP in RIO Master - 7 a 14 dezembro - 15.000 USD"]
[Site "Hotel South American, Copacabana , Rio de Janeiro, RJ"]
[Date "2022.12.10"]
[Round "4"]
[Board "23"]
[White "De Souza, Vinicius Alcantara G R"]
[Black "Uczai, Joao Pedro Filimberti"]
[Result "0-1"]
[WhiteElo "1852"]
[BlackElo "2093"]
[PlyCount "34"]
[EventDate "2022.12.07"]
[EventRounds "9"]
[EventCountry "BRA"]

1. e4 e6 2. d4 d5 3. Nc3 Bb4 4. Nge2 dxe4 5. a3 Ba5 6. b4 Bb6 7. Nxe4 a5 8. Bb2 Nf6
9. Nxf6+ Qxf6 10. g3 e5 11. c4 axb4 12. axb4 Rxa1 13. Bxa1 Qc6 14. Rg1 Qxc4 15. dxe5
Qxb4+ 16. Bc3 Qc5 17. Bd4 Ba5+  0-1

[Event "IV Festival Internacional DUCHAMP in RIO Master - 7 a 14 dezembro - 15.000 USD"]
[Site "Hotel South American, Copacabana , Rio de Janeiro, RJ"]
[Date "2022.12.10"]
[Round "4"]
[Board "24"]
[White "Soares, Joao Carlos T. C."]
[Black "Da Silva, Camila Evaristo"]
[Result "1-0"]
[WhiteElo "2090"]
[BlackElo "1684"]
[PlyCount "89"]
[EventDate "2022.12.07"]
[EventRounds "9"]
[EventCountry "BRA"]

1. d4 d5 2. c4 c6 3. Nf3 Nf6 4. Qc2 e6 5. g3 Be7 6. Bg2 O-O 7. O-O Na6 8. a3 dxc4
9. Qxc4 Nc7 10. Nc3 Ncd5 11. Rd1 Nxc3 12. Qxc3 Re8 13. Qc2 Qa5 14. Ne5 c5 15. Bd2
Qb5 16. a4 Qb6 17. a5 Qb5 18. a6 cxd4 19. Ra5 Qb6 20. Nc4 Qc7 21. Bf4 Qd7 22. Be5
Nd5 23. Rxd4 b6 24. Raxd5 exd5 25. Bxd5 Bc5 26. Rd3 Bxa6 27. Bxa8 Qf5 28. e4 Qxf2+
29. Qxf2 Bxf2+ 30. Kxf2 Bxc4 31. Rd4 Rxa8 32. Rxc4 f6 33. Bc3 Re8 34. Kf3 b5 35.
Rc7 a6 36. Rc6 Ra8 37. Ba5 Kf7 38. Rc7+ Kg6 39. Kf4 Kh6 40. Kf5 Re8 41. Bd2+ Kh5
42. Rxg7 Re5+ 43. Kxf6 Rxe4 44. Rxh7+ Kg4 45. Rh4+  1-0

[Event "IV Festival Internacional DUCHAMP in RIO Master - 7 a 14 dezembro - 15.000 USD"]
[Site "Hotel South American, Copacabana , Rio de Janeiro, RJ"]
[Date "2022.12.10"]
[Round "4"]
[Board "25"]
[White "Hubner, Jessica Trindade"]
[Black "Silva, Caio Henrique Angelico"]
[Result "0-1"]
[WhiteElo "1706"]
[BlackElo "2090"]
[PlyCount "30"]
[EventDate "2022.12.07"]
[EventRounds "9"]
[EventCountry "BRA"]

1. Nf3 Nf6 2. b3 e6 3. Bb2 d5 4. e3 Be7 5. c4 O-O 6. Be2 c5 7. O-O Nc6 8. d4 b6 9.
cxd5 exd5 10. Nbd2 Bb7 11. Rc1 Rc8 12. Bd3 Rc7 13. Qe2 Nb4 14. Bb1 Ba6 15. Qd1 Bxf1
 0-1

[Event "IV Festival Internacional DUCHAMP in RIO Master - 7 a 14 dezembro - 15.000 USD"]
[Site "Hotel South American, Copacabana , Rio de Janeiro, RJ"]
[Date "2022.12.10"]
[Round "4"]
[Board "26"]
[White "Von Buelow, Georg"]
[Black "Chaves, Jorge Antonio Torres"]
[Result "1-0"]
[WhiteElo "2361"]
[BlackElo "1855"]
[PlyCount "53"]
[EventDate "2022.12.07"]
[EventRounds "9"]
[EventCountry "BRA"]

1. e4 Nc6 2. Nf3 e5 3. Bb5 Nf6 4. O-O Nxe4 5. d4 Be7 6. dxe5 O-O 7. Qd5 Nc5 8. Be3
Ne6 9. Nc3 a6 10. Bc4 b5 11. Bb3 Bb7 12. Rad1 d6 13. Qe4 Na5 14. Bd5 Bxd5 15. Nxd5
Nc4 16. Bc1 Rb8 17. b3 Nb6 18. Nxe7+ Qxe7 19. exd6 cxd6 20. Ng5 g6 21. Qh4 h5 22.
Qg3 Qf6 23. Ne4 Qg7 24. Nxd6 Rfd8 25. h4 Nd7 26. Bd2 Rb6 27. Ba5  1-0